00366nam a22001097a 4500008004100000020001500041082001800056245006200074260005500136300001000191710005500201230605b xxu||||| |||| 00| 0 eng d a9966767142 a330.6762bGOK aEconomic Survey 2008cKenya National Bureau of Statistics aNairobibKenya National Bureau of Statisticsc2008 a304 p bKenya National Bureau of StatisticscNairobid2008